LEADER 02020nam 2200637 450 001 9910460052203321 005 20200520144314.0 010 $a1-58983-954-4 035 $a(CKB)3710000000238328 035 $a(SSID)ssj0001335645 035 $a(PQKBManifestationID)12506998 035 $a(PQKBTitleCode)TC0001335645 035 $a(PQKBWorkID)11294463 035 $a(PQKB)10323498 035 $a(MiAaPQ)EBC3118328 035 $a(Au-PeEL)EBL3118328 035 $a(CaPaEBR)ebr10930228 035 $a(CaONFJC)MIL767743 035 $a(OCoLC)891397143 035 $a(EXLCZ)993710000000238328 100 $a20140920h20142014 uy 0 101 0 $aeng 135 $aurcnu|||||||| 181 $ctxt 182 $cc 183 $acr 200 00$aMemory and identity in ancient Judaism and early Christianity $ea conversation with Barry Schwartz /$fedited by Tom Thatcher 210 1$aAtlanta, Georgia :$cSociety of Biblical Literature,$d2014. 210 4$dİ2014 215 $a1 online resource (372 pages) 225 0 $aSemeia Studies Series ;$vNumber 78 300 $aBibliographic Level Mode of Issuance: Monograph 311 $a1-58983-953-6 311 $a1-58983-952-8 320 $aIncludes bibliographical references and index. 606 $aGroup identity 606 $aCollective memory 606 $aChurch history$yPrimitive and early church, ca. 30-600 606 $aJews$xIdentity 606 $aJudaism$xHistory$yPost-exilic period, 586 B.C.-210 A.D 608 $aElectronic books. 615 0$aGroup identity. 615 0$aCollective memory. 615 0$aChurch history 615 0$aJews$xIdentity. 615 0$aJudaism$xHistory 676 $a296.09/014 702 $aThatcher$b Tom$f1967- 702 $aSchwartz$b Barry$f1946- 801 0$bMiAaPQ 801 1$bMiAaPQ 801 2$bMiAaPQ 906 $aBOOK 912 $a9910460052203321 996 $aMemory and identity in ancient Judaism and early Christianity$92128411 997 $aUNINA LEADER 01475nam a2200373 i 4500 001 991000822939707536 005 20020506124814.0 008 010226s1974 us ||| | eng 035 $ab10134530-39ule_inst 035 $aLE00637433$9ExL 040 $aDip.to Fisica$bita 084 $a52.9.5 084 $aQB461.A773 100 1 $aCarleton, Nataniel$0461167 245 10$aAstrophysics /$cedited by N. Carleton (pt. A), M.L. Meeks (pt. B-C) 260 $aNew York :$bAcademic Press,$cc1974-76 300 $a3 v. :$bill. ;$c24 cm. 490 0 $aMethods of experimental physics ;$v12 (Pt. A-B-C) 500 $aPt. A : Optical and infrared 500 $aPt. B : Radio telescopes 500 $aPt. C : Radio observations 650 4$aAstronomical spectroscopy 650 4$aAstrophysics - Methodology 650 4$aPhotometry, astronomical 650 4$aSpectrum, infra-red 700 1 $aMeeks, M.L. 907 $a.b10134530$b17-02-17$c27-06-02 912 $a991000822939707536 945 $aLE006 53(021) MAR$cPt. B$g1$i2006000030212$lle006$o-$pE0.00$q-$rl$s- $t0$u0$v0$w0$x0$y.i10158455$z27-06-02 945 $aLE006 53(021) MAR$cPt. C$g1$i2006000030267$lle006$o-$pE0.00$q-$rl$s- $t0$u0$v0$w0$x0$y.i10158467$z27-06-02 945 $aLE006 53(021) MAR$cPt. A$g1$i2006000172165$lle006$o-$pE0.00$q-$rl$s- $t0$u0$v0$w0$x0$y.i10158479$z27-06-02 996 $aAstrophysics$9185427 997 $aUNISALENTO 998 $ale006$b01-01-01$cm$da $e-$feng$gus $h0$i3